Online
Catalog

A favor de las niñas : (Record no. 19274)

MARC details
000 -CABECERA
campo de control de longitud fija 00824cam a2200217 a 4500
001 - NÚMERO DE CONTROL
campo de control 000019760
005 - FECHA Y HORA DE LA ÚLTIMA TRANSACCIÓN
campo de control 20200929170129.0
008 - DATOS DE LONGITUD FIJA--INFORMACIÓN GENERAL
campo de control de longitud fija 100705s1973 sp r 000 0 spa
020 ## - NÚMERO INTERNACIONAL ESTÁNDAR DEL LIBRO
Número Internacional Estándar del Libro 8485321081
040 ## - FUENTE DE LA CATALOGACIÓN
Centro catalogador/agencia de origen DO-SdBNP
Lengua de catalogación spa
Centro/agencia transcriptor BNPHU
082 ## - NÚMERO DE LA CLASIFICACIÓN DECIMAL DEWEY
Número de clasificación xxxx
Número de documento/Ítem G433a
100 1# - ENTRADA PRINCIPAL--NOMBRE DE PERSONA
Nombre de persona Gianini Belotti, Elena
9 (RLIN) 42218
245 10 - MENCIÓN DE TÍTULO
Título A favor de las niñas :
Resto del título la influencia de los condicionamientos sociales en la formación del rol femenino, en los primeros años de vida /
Mención de responsabilidad, etc. Elena Gianini Belotti ; traducción Giovanna Machado.
260 ## - PUBLICACIÓN, DISTRIBUCIÓN, ETC.
Lugar de publicación, distribución, etc. Barcelona, España :
Nombre del editor, distribuidor, etc. Monte Avila,
Fecha de publicación, distribución, etc. 1973.
300 ## - DESCRIPCIÓN FÍSICA
Extensión 213 p. ;
Dimensiones 18 cm.
490 1# - MENCIÓN DE SERIE
Mención de serie Estudios
504 ## - NOTA DE BIBLIOGRAFÍA, ETC.
Nota de bibliografía, etc. Incluye referencias bibliográficas y notas al pie de las páginas.
590 ## - NOTA LOCAL (RLIN)
Nota local Inventariado, 2019/BT
700 1# - PUNTO DE ACCESO ADICIONAL--NOMBRE DE PERSONA
Nombre de persona Machado, Giovanna,
Término indicativo de función/relación tr.
9 (RLIN) 42219
830 #0 - PUNTO DE ACCESO ADICIONAL DE SERIE-TÍTULO UNIFORME
Título uniforme Estudios
9 (RLIN) 3854
Holdings
Estado de retiro Estado de pérdida Restricciones de uso No para préstamo Código de colección Localización permanente Ubicación/localización actual Ubicación en estantería Fecha de adquisición Número de inventario Total de préstamos Signatura topográfica completa Código de barras Fecha visto por última vez Precio válido a partir de Tipo de ítem Koha
      Excluido de préstamo Monografías: Libros y Folletos General General Depósito 08.07.2019 LF1   xxxx G433a 19760-10 25.06.2020 25.06.2020 No se presta

Powered by Koha